| 000 | 004710000a22001690004500 | ||
|---|---|---|---|
| 003 | MACL | ||
| 005 | 20151229171218.0 | ||
| 008 | 151229b xxu||||| |||| 00| 0 eng d | ||
| 040 |
_aMACL _cMACL |
||
| 041 | _aEnglish | ||
| 082 | _a294 | ||
| 100 |
_aLongman's Green And Co _924378 |
||
| 245 |
_aSupernatural Religion _ban inquiry into The Reality of Divine Revelation vol 2 |
||
| 260 |
_bLongman's Green And Co _c1879 |
||
| 650 |
_aReligion _924379 |
||
| 942 |
_cBK _k294 _2ddc |
||
| 999 |
_c36807 _d36807 |
||